000
00226nam a2200097Ia 4500
008
240331s9999 xx 000 0 und d
082
_b
KAI
100
_a
Kailanathan, V.A
245
0
_a
Chiddukuruvikalum vanampadikalum
942
_c
L
999
_c
3743
_d
3743